000 00469nam a22001817a 4500
005 20230403132911.0
008 230329b |||||||| |||| 00| 0 eng d
020 _a978-9325982-40-6
041 _aeng
082 _a658.8 KUM-M
100 _aKUMAR,ARUN AND MEENAKSHI N
_97666
245 _aMARKETING MANAGEMENT
250 _a3rd ed.
260 _aNEW DELHI
_bVIKASH PUBLISHING HOUSE
_c2016
300 _a668;P.
650 _aPHARMACY
_xB.PHARMA
_97667
942 _cBK
999 _c8243
_d8241